[Event "Topusko op 5th"]
[Site "Topusko"]
[Date "2016.08.07"]
[Round "2"]
[White "Kolsek, Jan"]
[Black "Banovic, Marijo"]
[Result "1-0"]
[WhiteElo "1631"]
[BlackElo "1900"]
[PlyCount "57"]
[EventDate "2016.08.06"]
[EventType "swiss"]
[EventRounds "9"]
[EventCountry "CRO"]
[SourceTitle "CBM 173 Extra"]
[Source "ChessBase"]
[SourceDate "2016.08.29"]
[SourceVersion "1"]
[SourceVersionDate "2016.08.29"]
[SourceQuality "1"]

1. e4 e5 2. d4 exd4 3. c3 dxc3 4. Bc4 d5 5. Bxd5 Qf6 6. Nxc3 Bb4 7. Qa4+ c6 8. Qxb4 a5 9. Qc4 b5 10. Nxb5 cxb5 11. Qxb5+ Bd7 12. Qb7 Bc6 13. Bxc6+ Qxc6 14. Qxc6+ Nxc6 15. Nf3 Nb4 16. 0-0 Nc2 17. Rb1 Ne7 18. a3 Rb8 19. Bf4 Rb6 20. Rfc1 Rc6 21. Be5 0-0 22. Bc3 Nxa3 23. bxa3 Rc5 24. Bd2 Rxc1+ 25. Rxc1 Rb8 26. Bxa5 f5 27. Rd1 Kf7 28. exf5 Kf6 29. Bd8 1-0

[Event "Topusko op 5th"]
[Site "Topusko"]
[Date "2016.08.06"]
[Round "1"]
[White "Banovic, Marijo"]
[Black "Vujnovic, Marko"]
[Result "0-1"]
[WhiteElo "1900"]
[BlackElo "1955"]
[PlyCount "54"]
[EventDate "2016.08.06"]
[EventType "swiss"]
[EventRounds "9"]
[EventCountry "CRO"]
[SourceTitle "CBM 173 Extra"]
[Source "ChessBase"]
[SourceDate "2016.08.29"]
[SourceVersion "1"]
[SourceVersionDate "2016.08.29"]
[SourceQuality "1"]

1. Nc3 d6 2. Nf3 Bg4 3. d4 c6 4. Ng5 Nd7 5. f3 Bh5 6. d5 Ngf6 7. e4 h6 8. Nh3 g5 9. Bc4 Ne5 10. Be2 Qb6 11. dxc6 bxc6 12. g4 Bg6 13. f4 gxf4 14. Nxf4 Bxe4 15. Rf1 Bg7 16. Nh5 Nxh5 17. Nxe4 Nf6 18. Nxd6+ exd6 19. Qxd6 Ne4 20. Qa3 Bf8 21. Qh3 Bc5 22. Qh5 Bf2+ 23. Kd1 Qd4+ 24. Bd3 Nxd3 25. Ke2 Nxc1+ 26. Rfxc1 Qe3+ 27. Kf1 Nd2+ 0-1